000 00365nam a2200145Ia 4500
008 230917s9999||||xx |||||||||||||| ||und||
040 _e181773
_aMAIN
041 _aEnglish
082 _a590.3 C392E
100 _aChatwal, M S
245 0 _aEncyclopaedic dictionary of Zoology. 4V.
260 _aNew Delhi
_bCampus Books
_c2009
300 _a250 p.
942 _cBK
999 _c161230
_d161230